Statistics for Random South American Capital

Click here to take the quiz!

General Stats

  • This quiz has been taken 52 times
  • The average score is 4 of 5

Answers on the Map

Answers color-coded by a green-red scale on the quiz's map according to % correct below.
 

Answer Stats

Answer% Correct
asuncion
100%
Bogota
100%
brasilia
100%
Buenos Aires
100%
Caracas
100%
Georgetown
100%
La Paz
100%
Lima
100%
montevideo
100%
Paramaribo
100%
Quito
100%
Sucre
83%
Santiago
80%

Score Distribution

Percentile by Number Answered

Percent of People with Each Score

Your Score History

You have not taken this quiz